000 00557cam a2200169 4500
020 _a0131289756
040 _cDLC
082 0 0 _a542 PRE 1970 A060 Or.
245 0 0 _aChemistry: experimental foundations
260 _aEnglewood Cliffs, N.J.,
_bPrentice-Hall
_c[1970]
300 _ax, 629 p.
_billus.
_c27 cm.
500 _aRevision of Chemistry, an experimental science, originally prepared by Chemical Education Material Study in 1963.
650 0 _aChemistry.
700 1 _aParry, Robert W.
710 2 _aChemical Education Material Study.
942 _cEK
999 _c14287
_d14287